| 000 | 00595nam a2200205Ia 4500 | ||
|---|---|---|---|
| 003 | GCL | ||
| 008 | 140319s9999 xx 000 0 ara d | ||
| 040 |
_aGCL / _cGCL |
||
| 082 | 0 | 4 |
_a398.41 _bس ح |
| 100 | 1 | _aسعد الخادم | |
| 245 | 1 | 0 |
_aالحياة الشعبية فى رسوم ناجى / _cسعد الخادم |
| 700 | 1 | _aعفت ناجى | |
| 260 |
_a[S.N] : _bالهيئة المصرية العامة للكتاب ، _c1993 |
||
| 490 | _a | ||
| 650 | 0 | 4 | _aالعلم |
| 650 | 0 | 4 | _aالادب الشعبى |
| 650 | 0 | 4 | _aالاثار |
| 650 | 0 | 4 | _aالرسم |
| 942 |
_2ddc _cBK |
||
| 999 |
_c35937 _d35937 |
||